000 00388nam a2200157Ia 4500
008 230917s9999||||xx |||||||||||||| ||und||
040 _e204216
_aMAIN
041 _aEnglish
082 _a572.8645 H427A(2)
100 _aHermanson, Greg T
245 0 _aBioconjugate techniques
250 _a2nd ed.
260 _aAmsterdam
_bElsevier
_c2008
300 _axxviii, 1202 p.
942 _cBK
999 _c174536
_d174536